Loading...
| Beliefs | 0 | 2 | 0 | 0 | 20 | 97 | 108.00 | 0 | 2 | 0.00 | 0.00 |
| Geography | 1 | 0 | 0 | 0 | 15 | 65 | 65.00 | 1 | 1 | 0.00 | 0.00 |
| 0 | 1 | 0 | 1 | 10 | 135 | 135.00 | 0 | 1 | 0.00 | 0.00 | |
| Fine Arts - Auditory | 0 | 1 | 0 | 0 | 10 | 123 | 123.00 | 0 | 1 | 0.00 | 0.00 |
| History - European | 0 | 1 | 0 | 0 | 10 | 106 | 106.00 | 0 | 1 | 0.00 | 0.00 |
| Literature - British | 0 | 1 | 0 | 0 | 10 | 88 | 88.00 | 1 | 1 | 0.00 | 0.00 |
| Other Science: Computer Science | 0 | 1 | 0 | 0 | 10 | 135 | 135.00 | 0 | 1 | 0.00 | 0.00 |
| Fine Arts - Visual | 0 | 1 | 1 | 0 | 5 | 103 | 103.00 | 0 | 1 | 0.00 | 0.00 |
| Science - Biology | 0 | 0 | 0 | 0 | 0 | 0.00 | 0 | 0 | 0.00 | 0.00 | |
| Literature - European | 0 | 0 | 1 | 0 | -5 | 0.00 | 0 | 0 | 0.00 | 0.00 | |
| History - American | 0 | 0 | 1 | 0 | -5 | 0.00 | 0 | 0 | 0.00 | 0.00 |